[Event "Maastricht Limburg op-B 9th"]
[Site "Maastricht"]
[Date "2015.05.24"]
[Round "5"]
[White "Veelenturf, Wim"]
[Black "Beranek, Tomas"]
[Result "1/2-1/2"]
[WhiteElo "1712"]
[BlackElo "1803"]
[PlyCount "66"]
[EventDate "2015.05.22"]
[EventType "swiss"]
[EventRounds "7"]
[EventCountry "NED"]
[SourceTitle "EXT 2016"]
[Source "ChessBase"]
[SourceDate "2015.10.08"]
[SourceVersion "1"]
[SourceVersionDate "2015.10.08"]
[SourceQuality "1"]

1. e4 c6 2. d4 d5 3. Nc3 dxe4 4. Nxe4 Nd7 5. Nf3 Ngf6 6. Ng3 Nb6 7. c3 Bg4 8. Be2 e6 9. 0-0 Bd6 10. Ne5 Bxe2 11. Qxe2 0-0 12. Bg5 Be7 13. Rfd1 Nfd5 14. Bxe7 Qxe7 15. Nd3 Rfd8 16. Ne4 Nc8 17. Re1 Nd6 18. Nxd6 Rxd6 19. Qf3 Rad8 20. g3 Nf6 21. Re2 b6 22. Ne5 Qc7 23. Ng4 Nxg4 24. Qxg4 c5 25. dxc5 Qxc5 26. Qe4 Qd5 27. Qxd5 Rxd5 28. Kg2 e5 29. Rae1 f6 30. c4 Rd4 31. b3 R8d7 32. Rc2 Rd2 33. Re2 Rxe2 1/2-1/2

[Event "Maastricht Limburg op-B 9th"]
[Site "Maastricht"]
[Date "2015.05.22"]
[Round "1"]
[White "Boschmans, Jos"]
[Black "Beranek, Tomas"]
[Result "1/2-1/2"]
[WhiteElo "1853"]
[BlackElo "1803"]
[PlyCount "67"]
[EventDate "2015.05.22"]
[EventType "swiss"]
[EventRounds "7"]
[EventCountry "NED"]
[SourceTitle "EXT 2016"]
[Source "ChessBase"]
[SourceDate "2015.10.08"]
[SourceVersion "1"]
[SourceVersionDate "2015.10.08"]
[SourceQuality "1"]

1. d4 d5 2. c4 c6 3. Qc2 Nf6 4. Nf3 e6 5. Bf4 Bd6 6. Bxd6 Qxd6 7. e3 0-0 8. Nbd2 Nbd7 9. Bd3 h6 10. 0-0 e5 11. dxe5 Nxe5 12. Nxe5 Qxe5 13. Nf3 Qc7 14. Rfd1 dxc4 15. Bxc4 Bg4 16. Be2 Rad8 17. h3 Be6 18. Nd4 Rfe8 19. Nxe6 Rxe6 20. Bc4 Red6 21. Rxd6 Rxd6 22. Rd1 Rxd1+ 23. Qxd1 c5 24. Qb3 b6 25. Qd3 Nd7 26. Qd5 Nf6 27. Qa8+ Kh7 28. Bd3+ g6 29. Qf3 Kg7 30. Kf1 Qe5 31. Qe2 Qh2 32. Qf3 Qe5 33. Qe2 Qh2 34. Qf3 1/2-1/2